| 000 | 00609nam a2200217 i 4500 | ||
|---|---|---|---|
| 001 | 72016 | ||
| 003 | ES-MaACL | ||
| 005 | 20230906171313.0 | ||
| 007 | t| | ||
| 008 | 040823s1981 sp ||||1| spa d | ||
| 020 | _a84-205-0850-0 | ||
| 100 | 1 |
_aGil Fernández, Luis. _956817 |
|
| 245 | 1 | 0 |
_aPanorama social del Humanismo español, 1500-1800 / _cLuis Gil Fernández. |
| 260 |
_aMadrid : _bAlhambra, _c1981. |
||
| 300 |
_aXVI, 753 p. ; _c20 cm. |
||
| 490 | 1 |
_aEstudios ; _v17 |
|
| 500 | _aIndices. | ||
| 830 | 0 |
_aEstudios ; _v17 _9177349 |
|
| 852 |
_aES-MaACL _jL-12332 _bR.115327 |
||
| 999 |
_c72016 _d72016 |
||